Car Quiz (Mercedes-Benz Edition) - Statistics

General Stats
  • This quiz has been taken 863 times
  • The average score is 11 of 16
Answer Stats
Picture Hint Answer % Correct
2005 - 2011 {B} - Class
92%
1990 - 2018 {G} - Class
91%
1997 - 2004 {A} - Class
85%
2000 - 2007 {C} - Class
82%
2003 - 2009 {E} - Class
82%
1991 - 1998 {S} - Class
79%
2003 - 2014 {V} - Class
74%
2010 - 2014 {SLS} AMG
70%
2017 - present {X} - Class
69%
2013 - present GLA
67%
2011 - 2019 SLC
59%
2006 - 2018 Sprinter
57%
2019 - present GLB
49%
2019 - present EQC
43%
1988 - present Unimog
37%
2012 - present Citan
27%
No matching quizzes found
Score Distribution
Percent of People with Each Score
Percentile by Number Answered
Your Score History
You have not taken this quiz